000 00420cam a22001217a 4500
008 180718b1981 xxu||||| |||| 00| 0 eng d
082 _aA81x54 In2/81/18/Pap1/1981/S
100 _aCensus of India 1981
245 _aRajasthan: provisional population totals
260 _aDelhi
_bThe Controller of Publications
_c1981
300 _a121+p.
440 _aCensus of India 1981. Series-18, Rajasthan. Paper 1 of 1981 - Supplement
999 _c483273
_d483273